| 000 | 00583nam a2200157 a 4500 | ||
|---|---|---|---|
| 001 | 000033602 | ||
| 005 | 20240401203610.0 | ||
| 008 | 110901s1895 pr 000 0 spa d | ||
| 040 |
_aDO-SdBNP _bspa _cBNPHU |
||
| 082 |
_axxx _bL965n |
||
| 100 | 1 |
_aLuperón, Gregorio, _d1839-1897 _9888 |
|
| 245 | 1 | 0 |
_aNotas autobiográficas y apuntes históricos sobre la República Dominicana desde la Restauración a nuestros dias / _cGregorio Luperón. |
| 260 |
_aPonce, Puerto Rico : _bImprenta y Librería de M. López, _c1895. |
||
| 300 |
_av. ; _c22 cm. |
||
| 500 | _aLa biblioteca posee el tomo 3 | ||
| 999 |
_c33093 _d33093 |
||